000 00336nam a22001577a 4500
003 SGT
020 _a9788170946311
082 _a158.4,LAL
100 _aLALA,R.M
245 _aIN SEARCH OF ETHICAL LEADERSHIP
250 _a1ST
260 _aNEW DELHI
_bVISION BOOKS
_c2011
300 _a200
650 _aPSYCHOLOGY
942 _2ddc
_cFCM
999 _c9519
_d9519